Exploring e-commerce, global e-business, and e-societies

Đã lưu trong:
Chi tiết về thư mục
Những tác giả chính: Fellenstein, Craig (Tác giả), Wood, Ron (Tác giả)
Định dạng: Sách
Ngôn ngữ:Tiếng Anh
Được phát hành: Englewood Cliffs Prentice Hall 2000
Những chủ đề:
Các nhãn: Thêm thẻ
Không có thẻ, Là người đầu tiên thẻ bản ghi này!

MARC

LEADER 00000nam a2200000 a 4500
001 UCN0147
003 CL-VaPUC
008 010316e20000000US |||||||||||||||||eng|d
020 |a 0130848468 
082 0 4 |a 658.84  |b FEL  |2 21 
100 0 |a Fellenstein, Craig  |e author  |9 455461 
700 0 |a Wood, Ron  |e author  |9 455462 
245 1 0 |a Exploring e-commerce, global e-business, and e-societies 
300 |a 269 p 
942 |c BK 
945 |d 20010316 00:00:00  |a cmena 
260 |a Englewood Cliffs  |b Prentice Hall  |c 2000 
650 0 |a Comercio electrónico  |9 428366 
650 0 |a Gestión de ventas  |9 407932 
650 0 |a Marketing  |9 259324 
650 0 |a Seguridad  |9 354178 
583 |a last modification  |c 20130320 02:39:59  |k Rodrigo Vera 
999 |c 294085  |d 294083 
952 |0 0  |1 0  |4 0  |6 658_840000000000000_FEL_2000  |7 0  |8 A  |9 345936  |a BIBING  |b BIBING  |d 2019-11-20  |i 3682196  |o 658.84 FEL 2000  |p 3682196  |r 2025-01-20  |w 2019-11-20  |y BK  |k EII 
952 |0 0  |1 0  |4 0  |6 658_840000000000000_FEL_2000  |7 0  |8 A  |9 345937  |a BIBING  |b BIBING  |d 2019-11-20  |i 4155815  |o 658.84 FEL 2000  |p 4155815  |r 2025-01-20  |w 2019-11-20  |y BK  |k EII